Economía : Enfoque América Latina / Norris C. Clement (Registro nro. 15020)
[ vista simple ]
| 000 -LÍDER | |
|---|---|
| fixed length control field | 00546nam a2200181 4500 |
| 008 - ELEMENTOS DE LONGITUD FIJA -- INFORMACIÓN GENERAL | |
| fixed length control field | 0 1997 0a 000 0MEX |
| 020 ## - NÚMERO INTERNACIONAL NORMALIZADO PARA LIBROS | |
| ISBN | 968-422-560-1 |
| 050 ## - SIGNATURA TOPOGRAFICA DE LA BIBLIOTECA DEL CONGRESO (LC) | |
| Número de Clasificación | HB171.5 C626 1997 |
| 082 ## - NUMERO DE CLASIFICACION DECIMAL DEWEY | |
| Número de Clasificación | 330 C216e |
| 100 ## - ASIENTO PRINCIPAL--NOMBRE PERSONAL | |
| Nombre personal | Clement, Norris C. |
| 245 ## - TÍTULO | |
| Título | Economía : Enfoque América Latina / Norris C. Clement |
| 250 ## - MENCIÓN DE EDICIÓN | |
| Mención de edición | 4 |
| 260 ## - PUBLICACIÓN, DISTRIBUCIÓN, ETC. (PIE DE IMPRENTA) | |
| Lugar de publicación, distribución, etc. | México : McGrawHill. |
| 300 ## - DESCRIPCIÓN FÍSICA | |
| Extensión | 496 p. / 23cm |
| 500 ## - NOTA GENERAL | |
| Nota general | Incluye índice y glosario. |
| 650 ## - ASIENTO SECUNDARIO DE MATERIA - TERMINO TEMÁTICO | |
| Término temático o nombre geográfico como elemento de entrada | 1.ECONOMÍA. |
| 700 ## - ASIENTO SECUNDARIO - NOMBRE PERSONAL | |
| Nombre personal | Charles Pool, John, Coaut. \ Rodrígues Garcia, Mauro, Rev. |
| No. biblioteca | No. biblioteca | Número de clasificación | Código de barras/Número de adquisición | Número de copia | Tipo de material |
|---|---|---|---|---|---|
| LUIS G. INCLAN | LUIS G. INCLAN | 330 C216e | 28351 | 28 | Libros |
| LUIS G. INCLAN | LUIS G. INCLAN | 330 C216e | 30332 | 33 | Libros |
| LUIS G. INCLAN | LUIS G. INCLAN | 330 C216e | 30674 | 34 | Libros |
| LUIS G. INCLAN | LUIS G. INCLAN | 330 C216e | 30675 | 35 | Libros |
